000 00393nam a2200157Ia 4500
005 20240606044732.0
008 240331s9999 xx 000 0 und d
082 _bBEY
_a331
245 0 _aBeyond labour Issues :
_bwomen workers in Asia
260 _aHong Kong
_bCommittee for Asian Women (Caw)
300 _a71 p .,
650 _aWoman
650 _aWork
700 _aCAW.
_eedt
942 _cL
999 _c2661
_d2661